| 000 | 00429nam a22001577a 4500 | ||
|---|---|---|---|
| 003 | OSt | ||
| 005 | 20251021061709.0 | ||
| 008 | 251021b |||||||| |||| 00| 0 eng d | ||
| 020 | _a7989966794034 | ||
| 040 | _cMARIMBA PUBLICATIONS LTD | ||
| 050 | _aPL 8704 .M83 2009 | ||
| 245 |
_aMSICHANA ALIYEOKOA WATU _cMWAKOTI, ENAN |
||
| 250 | _aIST EDITION | ||
| 260 |
_aNAIROBI, KENYA _bMARIMBA PUBLICATIONS LTD _c2009 |
||
| 942 |
_2lcc _cBK _n0 |
||
| 999 |
_c9630 _d9630 |
||